Una nariz muy larga / (Registro nro. 9855)

Detalles MARC
000 -LIDER
fixed length control field 00929nam a22003257b 4500
001 - NÚMERO DE CONTROL
Identificador de número de control 00700715
003 - IDENTIFICACDOR DE NÚMERO DE CONTROL
control field DO-SdBNP
005 - DATE AND TIME OF LATEST TRANSACTION
control field 20240718100534.0
007 - CAMPOS FIJOS DE DESCRIPCIÓN FÍSICA
fixed length control field 00700715
008 - ELEMENTOS DE LONGITUD FIJA
fixed length control field 971017s1997 sp ||| ||spa
017 ## - NÚMERO DE REGISTRO DE DERECHOS DE AUTOR
Copyright or legal deposit number
Assigning agency
020 ## - ISBN
International Standard Book Number 8420777722
035 ## - NÚMERO LOCAL
System control number
040 ## - FUENTE DE CATALOGACIÓN
Agencia que crea de manera original el registro BPMSU
Idioma de catalogación spa
Agencia que realiza la transcripción BPMSU
Convenciones de la despripción
041 1# - CÓDIGOS DE OBRAS TRADUCIDAS O EN VARIOS IDIOMAS
Código del idioma del texto/archivo de sonido o separata spa
Cód. del idioma original y/o traducciones intermedias del texto
080 #0 - NÚMERO DE CLASIFICACIÓN DECIMAL UNIVERSAL
Universal Decimal Classification number
082 #4 - NÚMERO DE CLASIFICACIÓN DECIMAL DE DEWEY
Classification number 833.91
Item number H333u 1997
Edition number 22
100 1# - ASIENTO PRINCIPAL -- NOMBRE PERSONAL
Nombre personal Hartmann, Lukas
Fechas asociadas con el nombre 1944-
245 14 - MENCIÓN DE TITULO
Título Una nariz muy larga /
Mención de responsabilidad Lukas Hartmann ; ilustraciones de Susann Opel-Götz ; traducción de Carlos Fortea
Medio (Designación general de material)
250 ## - MENCIÓN DE EDICION
Mención de edición
260 ## - PUBLICACIÓN, DISTRIBUCIÓN, ETC. (PIE DE IMPRENTA)
Lugar de publicación, distribución, etc Madrid :
Nombre del editor, distribuidor, etc. Anaya,
Fecha de publicación, distribución, etc 1997
300 ## - DESCRIPCIÓN FÍSICA
Extensión 228 p. :
Otros detalles físicos il.;
Dimensiones 21 cm
490 0# - MENCIÓN DE SERIES
Mención de serie Sopa de libros,
Volume/sequential designation 10
534 ## - NOTA SOBRE LA VERSIÓN ORIGINAL
Frase introductoria Título original :
Mención del título original So eine Lange Nase
590 ## - NOTA LOCAL
Texto de la nota local Inventariado, 2024/VM
650 #4 - ENCABEZAMIENTO DE MATERIA--TEMÁTICO
Término temático o nombre geográfico como elemento de entrada Novela juvenil suiza
700 1# - ASIENTO SECUNDARIO -- NOMBRE PERSONAL
Nombre personal Opel Gütz, Susann
Mención de responsabilidad ilustraciones
910 ## - VALIDACIÓN
Validación VMateo V. Control de calidad. BPMSU
942 ## - ADDED ENTRY ELEMENTS (KOHA)
Source of classification or shelving scheme Dewey Decimal Classification
Koha item type Libros
Existencias
Withdrawn status Lost status Source of classification or shelving scheme Damaged status Not for loan Collection code Home library Current library Date acquired Source of acquisition Total Checkouts Full call number Barcode Date last seen Price effective from Koha item type
    Dewey Decimal Classification     Colección Juvenil General Biblioteca Pública Metropolitana Salomé Ureña Biblioteca Pública Metropolitana Salomé Ureña 04/20/2016 FUNDI   BPMSU CJG 833.91 H333u 1997 BPMSU16040573 04/20/2016 04/20/2016 Libros